Statistics for English football clubs by official trophies

Click here to take the quiz!

General Stats

  • This quiz has been taken 52 times
  • The average score is 11 of 51

Answer Stats

HintAnswer% Correct
67 (20 Premier League, 12 FA Cup, 6 League Cup, 21 Community Shield, 3 Champions League, 1 Europa League, 1 Cup Winners Cup, 1 UEFA Super Cup, 1 Intercontinental Cup, 1 Club World Cup)Manchester United
98%
67 (19 Premier League, 8 FA Cup, 9 League Cup, 16 Community Shield, 6 Champions League, 3 Europa League, 4 Super Cup, 1 Club World Cup)Liverpool
95%
46 (13 Premier League, 14 FA Cup, 2 League Cup, 16 Community Shield, 1 Cup Winners Cup)Arsenal
93%
32 (6 Premier League, 8 FA Cup, 5 League Cup, 4 Community Shield, 2 Champions League, 2 Europa League, 2 Cup Winners Cup, 2 UEFA Super Cup, 1 Club World Cup)Chelsea
90%
29 (8 Premier League, 6 FA Cup, 8 League Cup, 6 Community Shield, 1 Cup Winners Cup)Manchester City
81%
24 (9 Premier League, 5 FA Cup, 9 Community Shield, 1 Cup Winners Cup)Everton
74%
23 (7 Premier League, 7 FA Cup, 5 League Cup, 1 Community Shield, 1 Champions League, 1 UEFA Super Cup, 1 Intertoto Cup)Aston Villa
67%
24 (2 Premier League, 8 FA Cup, 4 League Cup, 7 Community Shield, 2 Europa League, 1 Cup Winners Cup)Tottenham Hotspur
64%
11 (1 Premier League, 2 FA Cup, 4 League Cup, 1 Community Shield, 2 Champions League, 1 UEFA Super Cup)Nottingham Forest
52%
12 (4 Premier League, 6 FA Cup, 1 Community Shield, 1 Intertoto Cup)Newcastle United
31%
7 (1 Premier League, 1 FA Cup, 3 League Cup, 2 Community Shield)Leicester City
24%
13 (3 Premier League, 4 FA Cup, 2 League Cup, 4 Community Shield)Wolverhampton Wanderers
21%
6 (3 FA Cup, 1 Community Shield, 1 Cup Winners Cup, 1 Intertoto Cup)West Ham United
19%
11 (3 Premier League, 6 FA Cup, 1 League Cup, 1 Community Shield)Blackburn Rovers
17%
3 (1 Premier League, 1 FA Cup, 1 Europa League)Ipswich Town
14%
7 (3 Premier League, 1 FA Cup, 1 League Cup, 2 Community Shield)Leeds United
14%
9 (6 Premier League, 2 FA Cup, 1 Community Shield)Sunderland
14%
1 (1 Intertoto Cup (2002))Fulham
12%
1 (1 FA Cup (1975-1976))Southampton
12%
1 (1 FA Cup (2012-2013))Wigan Athletic
12%
2 (2 League Cup)Birmingham City
10%
1 (1 FA Cup (1946-1947))Charlton Athletic
10%
4 (2 Premier League, 1 FA Cup, 1 Community Shield)Derby County
10%
5 (3 Premier League, 1 FA Cup, 1 Community Shield)Huddersfield Town
10%
1 (1 League Cup (1987-1988))Luton Town
10%
1 (1 FA Cup (1987-1988))Wimbledon
10%
5 (4 FA Cup, 1 Community Shield)Bolton Wanderers
7%
5 (2 Premier League, 1 FA Cup, 2 Community Shield)Burnley
7%
2 (2 FA Cup)Bury
7%
1 (1 FA Cup (1986-1987))Coventry City
7%
1 (1 League Cup (2003-2004))Middlesbrough
7%
1 (1 League Cup (1985-1986))Oxford United
7%
5 (2 Premier League, 2 FA Cup, 1 Community Shield)Portsmouth
7%
4 (2 Premier League, 2 FA Cup)Preston North End
7%
5 (1 Premier League, 4 FA Cup)Sheffield United
7%
9 (4 Premier League, 3 FA Cup, 1 League Cup, 1 Community Shield)Sheffield Wednesday
7%
1 (1 League Cup (1971-1972))Stoke City
7%
1 (1 League Cup (2012-2013))Swansea City
7%
1 (1 League Cup (1968-1969))Swindon Town
7%
5 (5 FA Cup)Wanderers FC
7%
9 (1 Premier league, 5 FA Cup, 1 League Cup, 2 Community Shield)West Bromwich Albion
7%
1 (1 FA Cup (1911-1912))Barnsley
5%
1 (1 FA Cup (1952-1953))Blackpool
5%
2 (2 League Cup)Norwich City
5%
1 (1 FA Cup (1893-1894))Notts County
5%
1 (1 League Cup (1966-1967))Queens Park Rangers
5%
2 (1 FA Cup, 1 Community Shield)Cardiff City
2%
1 (1 FA Cup (1879-1880))Clapham Rovers
2%
2 (2 FA Cup)Old Etonians
2%
1 (1 FA Cup (1873-1874))Oxford University
2%
1 (1 FA Cup (1874-1875))Royal Engineers
2%

Score Distribution

Percentile by Number Answered

Percent of People with Each Score

Your Score History

You have not taken this quiz